|
|
|
|
| LEADER |
01190nam a2200289 a 4500 |
| 001 |
000035736 |
| 003 |
CZ BrMZK |
| 005 |
20180223121526.0 |
| 008 |
950313s1995 xr f cze d |
| 020 |
|
|
|a 80-85884-22-4
|
| 040 |
|
|
|a BOA001
|b cze
|
| 080 |
|
|
|a 656.2:339.923(4)(094)
|2 MRF
|
| 100 |
1 |
|
|a Peltrám, Antonín,
|d 1930-2020
|7 jo20000066155
|4 aut
|
| 245 |
1 |
0 |
|a Železniční doprava /
|c [zpracoval Antonín Peltrám]
|
| 250 |
|
|
|a Vyd. 1.
|
| 260 |
|
|
|a Praha :
|b Nakladatelství dopravy a turistiky,
|c 1995
|
| 300 |
|
|
|a 24 s. ;
|c 20 cm
|
| 490 |
1 |
|
|a Knižnice základních právních norem ES vztahujících se k dopravě ;
|v sv. 25
|
| 653 |
0 |
|
|a ES
|a železniční doprava
|
| 830 |
|
0 |
|a Knižnice základních právních norem ES vztahujících se k dopravě
|0 s
|
| 910 |
|
|
|a BOA001
|b X-1014.414
|b TK-0258.088
|
| 920 |
|
|
|a 000056775
|
| 964 |
|
|
|a ES
|x doprava železniční
|x předpisy právní
|
| 964 |
|
|
|a Doprava železniční
|x ES
|x předpisy právní
|
| 990 |
|
|
|a BK
|
| 996 |
7 |
|
|b 2610028269
|c X-1014.414
|l MZK
|r Sklad / do 24 hodin
|n 20
|p p.v.
|w 000035736
|u 000010
|a 1
|e BOA001
|j MZK50
|s A
|
| 996 |
7 |
|
|b 2620002613
|c TK-0258.088
|l MZK
|r Sklad / do 24 hodin
|n 9
|p kup
|w 000035736
|u 000020
|a 1
|e BOA001
|j MZK50
|s A
|